K nedožitým 85. narodeninám Gejzu Angyala

Bibliographic Details
Main Author: Prablesková, Danica (Author)
Format: Article
Language:Slovak
PhysicalDescription:Obr.
Subjects:

MARC

LEADER 00000nab a2200000 ar4500
001 vtls009465391
003 SK-MaSNL
005 20260303053010.0
008 090126c1974 xo |r|p|||||||000 b|slo
015 |a SNBRB1974 
038 |a SNKBUCL 
040 |a SNKBUCL  |b slo  |c SNKBUCL  |e AACR2 
041 |a slo 
044 |a xo  |c SK 
080 |a 75.071.1  |2 1997 
100 1 |a Prablesková, Danica  |4 aut  |9 1044932 
245 1 0 |a K nedožitým 85. narodeninám Gejzu Angyala  |c Danica Prablesková 
300 |b Obr. 
600 1 7 |a Angyal, Gejza,  |d 1888-1956  |2 snkbucl  |9 192796 
773 0 |t Rudy  |g Roč. 22, č. 2 (1974), s. 49 
852 |a SNK  |b KIS3GCP 
958 |a BC 
999 |c 1717413  |d 1719343